The unfinished nation (Бичлэгийн дугаар. 145793)
| 000 -УДИРДЛАГА | |
|---|---|
| Удирдлага | 00911nam a22002417a 4500 |
| 008 - ЕРӨНХИЙ МЭДЭЭЛЭЛ | |
| Ерөнхий мэдээлэл | 130906s1997 nyuab||| |||| 001 0 eng | |
| 020 ## - ISBN | |
| ISBN | 0070082197 |
| 040 ## - БИЧЛЭГ ҮҮСГЭГЧ БАЙГУУЛЛАГА | |
| Бичлэг үүсгэгч номын сангийн код | МУИС-ийн номын сан |
| 084 ## - ББК АНГИЛАЛ | |
| Нэмэлт тусгалт | Атлас, цомог |
| ББК ангилал | 63.3(7) |
| Зохиогчийн гурван тэмдэгт | B 45 |
| Мэдлэгийн ялгаа | 63 - Түүх |
| 100 1# - ЗОХИОГЧ | |
| Зохиогчийн нэр | Brinkley, Alan. |
| 245 14 - ҮНДСЭН ГАРЧИГ | |
| Номын нэр | The unfinished nation |
| Бага гарчгийн мэдээ | A concise history of the American people |
| Оролцогчдын тухай мэдээ | Alan Brinkley. |
| 250 ## - ДАХИН ХЭВЛЭЛТ | |
| Дахин гаралтын дугаар | 2nd ed. |
| 260 ## - ГАРАЛТЫН МЭДЭЭ | |
| Хэвлэгдсэн газар | New York : |
| Хэвлэлийн газар | McGraw-Hill, |
| Хэвлэгдсэн он | 1997. |
| 300 ## - МАТЕРИАЛЫН ТОДОРХОЙЛОЛТ | |
| хуудасны тоо | xxx, 949, [163] p. : |
| Бусад тоон мэдээлэл | ill., maps ; |
| Хэмжээ | 24 cm. |
| 500 ## - Тайлбар | |
| Дансны дугаар | БС 4221 |
| 546 ## - ХЭЛНИЙ ТУХАЙ МЭДЭЭ | |
| Хэл | Англи хэл дээр, |
| 653 ## - Түлхүүр үг | |
| Түлхүүр үг | history |
| 653 ## - Түлхүүр үг | |
| Түлхүүр үг | United states of history |
| 740 ## - НОМЫН ГАРЧИГ | |
| Гарчиг | The Meeting of Cultures |
| -- | The English "Transplantations" |
| -- | Life in Provincial America |
| -- | The Empire Under Strain |
| -- | The American Revolution |
| -- | The Constitution and the New Republic |
| -- | The Jeffersonian Era |
| -- | Jacksonian America |
| 942 ## - ЭЛЕМЕНТИЙН ТӨРӨЛ | |
| Зүйлийн төрөл | Ном |
